Comuni della Provincia di Agrigento (con mappa) - Statistics

Statistiche generali
  • Questo quiz è stato fatto 30 volte
  • Il punteggio medio è 30 su 43
Risposte nella Mappa
Le risposte nella mappa del quiz sottostante sono codificate secondo una scala di colori dal rosso al verde in base alla % di persone che hanno risposto correttamente.
 
Statistiche sulle risposte
Risposta % Corretto
Agrigento
100%
Sciacca
94%
Canicattì
88%
Licata
88%
Porto Empedocle
88%
Aragona
81%
Favara
81%
Burgio
75%
Campobello di Licata
75%
Palma di Montechiaro
75%
Ribera
75%
Santa Margherita di Belice
75%
Siculiana
75%
Alessandria della Rocca
69%
Caltabellotta
69%
Camastra
69%
Cammarata
69%
Castrofilippo
69%
Cattolica Eraclea
69%
Lampedusa e Linosa
69%
Lucca Sicula
69%
Menfi
69%
Naro
69%
Raffadali
69%
Ravanusa
69%
Realmonte
69%
Bivona
63%
Casteltermini
63%
Joppolo Giancaxio
63%
Montallegro
63%
Montevago
63%
Racalmuto
63%
Sambuca di Sicilia
63%
San Giovanni Gemini
63%
Santa Elisabetta
63%
Sant'Angelo Muxaro
63%
Santo Stefano Quisquina
63%
Calamonaci
56%
Cianciana
56%
Comitini
56%
Grotte
56%
San Biagio Platani
56%
Villafranca Sicula
56%
Nessun quiz corrispondente trovato
Distribuzione punteggi
Percentuale di utenti per punteggio
Percentile per numero di risposta
I tuoi punteggi nel tempo
Non hai fatto questo quiz